[Event "XXXVIII Abierto Internacional "]
[Site "Sevilla (SPAIN)"]
[Date "2013.01.15"]
[Round "5.9"]
[White "SANCHEZ CASTILLO, Sarai"]
[Black "CAMPORA, Daniel H"]
[Result "0-1"]
[WhiteElo "2212"]
[BlackElo "2490"]
[Annotator "Montecatine,R"]
[PlyCount "68"]
[EventDate "2013.01.11"]

1. e4 e5 2. d4 exd4 3. Qxd4 Nc6 4. Qe3 d6 5. Nc3 Nf6 6. Bd2 Be7 7. O-O-O O-O 8.
Qg3 Nh5 9. Qe3 Re8 10. h3 Bf8 11. g4 Nf6 12. Qf3 Be6 13. g5 Nd7 14. Qg2 Nb6 (
14... Nc5) 15. f4 a5 (15... g6) 16. f5 $16 Bc4 17. h4 (17. Nf3) 17... Bxf1 18.
Rxf1 $14 d5 19. exd5 Nb4 20. h5 (20. g6 $5) 20... N6xd5 21. Nge2 Bc5 22. g6 Be3
23. gxh7+ Kxh7 24. Rd1 Nxc3 (24... Bxd2+ 25. Rxd2 Ne3 26. Qxb7 Qf6 $14) 25.
Nxc3 Qf6 26. Bxe3 Rxe3 27. Nd5 $6 (27. Ne4 Qh6 (27... Qxf5 28. Rdg1 Qe5 29.
Ng5+ Kg8 30. h6 $18) 28. Kb1 Re8 29. Rh4 $16) 27... Nxd5 28. Rxd5 (28. h6 gxh6
29. Qxd5 $11) (28. Qxd5 c6 $11) 28... Rae8 29. h6 gxh6 {Diagrama #} 30. c3 $2 (
30. Rdd1 $15) 30... Re2 $17 31. Qg3 $2 (31. Qg1 R2e5) 31... Rg8 $19 32. Qxc7
Rgg2 33. Qxb7 Qg5+ 34. Kb1 Rxb2+ 0-1

[Event "XXXVIII Abierto Internacional "]
[Site "Sevilla (SPAIN)"]
[Date "2013.01.15"]
[Round "5.10"]
[White "VAN HOOLANDT, Patrick"]
[Black "LALIC, Bogdan"]
[Result "1/2-1/2"]
[WhiteElo "2203"]
[BlackElo "2484"]
[Annotator "Montecatine,R"]
[PlyCount "58"]
[EventDate "2013.01.11"]

1. d4 Nf6 2. c4 g6 3. Nc3 d5 4. cxd5 Nxd5 5. Bd2 Bg7 6. e4 Nxc3 7. Bxc3 O-O 8.
Rc1 c5 9. dxc5 Qxd1+ 10. Kxd1 Bh6 11. Bd2 Rd8 12. Rc2 Nc6 13. Kc1 Bg4 14. Ne2
Bg7 15. Bc3 e5 16. b3 Bf8 17. f3 Be6 18. Ng3 $6 (18. Be1 Rac8 19. g3) 18...
Bxc5 $17 19. Bc4 (19. Kb1 a6 20. Be2 Rac8) 19... Bxc4 20. bxc4 Rd3 21. Ne2 Ba3+
22. Kb1 Rad8 23. Bb2 Bc5 24. Nc3 Nd4 25. Nd5 {Diagrama #} (25. Rcc1 Rd2) 25...
Nxc2 $2 (25... Rc8 $15) 26. Kxc2 Rd4 27. Bxd4 Bxd4 28. Rb1 $11 b6 29. Kb3 Kg7
1/2-1/2

[Event "XXXVIII Abierto Internacional "]
[Site "Sevilla (SPAIN)"]
[Date "2013.01.15"]
[Round "5.14"]
[White "PISCOPO, Pierluigi"]
[Black "ROMERO ROMERO, Sebastian"]
[Result "1-0"]
[WhiteElo "2407"]
[BlackElo "2156"]
[Annotator "Montecatine,R"]
[PlyCount "43"]
[EventDate "2013.01.11"]

1. e4 c5 2. Nf3 Nc6 3. Bb5 e6 4. c3 Nge7 5. d4 cxd4 6. cxd4 d5 7. Nc3 dxe4 8.
Nxe4 Nf5 9. O-O f6 (9... Be7) 10. Ng3 (10. Bf4) 10... Qd5 (10... Nxg3 11. hxg3
Be7) 11. Qd3 Nd6 12. Ba4 Qa5 13. Bb3 $14 Nb4 14. Qe2 (14. Qd2) 14... Nd5 15.
Bd2 Qb5 16. Qd1 Bd7 17. Re1 {Diagrama #} Nc4 $2 18. Rxe6+ $18 Kf7 19. a4 Nxb2
20. Ng5+ Kg8 21. axb5 Nxd1 22. Bxd5 1-0

[Event "XXXVIII Abierto Internacional "]
[Site "Sevilla (SPAIN)"]
[Date "2013.01.15"]
[Round "5.19"]
[White "SERRANO SALVADOR, Eduardo"]
[Black "SANTOS RUIZ, Miguel"]
[Result "1/2-1/2"]
[WhiteElo "2349"]
[BlackElo "2078"]
[Annotator "de,Universidad"]
[PlyCount "94"]
[EventDate "2013.01.11"]

1. b3 e5 2. Bb2 Nc6 3. e3 Nf6 4. Bb5 Bd6 5. Bxc6 dxc6 6. d3 O-O 7. Nf3 e4 8.
dxe4 Nxe4 9. Qd4 Nf6 10. Nbd2 Qe7 11. Qh4 Nd5 12. Qxe7 Bxe7 13. O-O-O Bf6 14.
Ne4 Bxb2+ 15. Kxb2 Re8 16. Nc3 Nxc3 17. Kxc3 Bg4 18. Rd4 Bxf3 19. gxf3 Rad8 20.
Rhd1 Rxd4 21. Rxd4 Kf8 22. Rd7 Re7 23. Rd8+ Re8 24. Rxe8+ Kxe8 {Diagrama #} 25.
e4 Ke7 26. f4 g6 27. Kd4 Ke6 28. Ke3 h6 29. Kf3 Ke7 30. Kg4 Kf6 31. c4 c5 32.
a4 b6 33. Kh4 Ke6 34. Kg3 Ke7 35. Kg4 Kf6 36. h3 c6 37. f3 a6 38. Kg3 Kg7 39.
f5 gxf5 40. e5 a5 41. Kf4 Kg6 42. h4 h5 43. e6 fxe6 44. Ke5 Kf7 45. Kd6 Kf6 46.
f4 Kf7 47. Kd7 (47. Kxc6 e5 48. fxe5 Ke6) 47... Kf6 1/2-1/2

[Event "XXXVIII Abierto Internacional "]
[Site "Sevilla (SPAIN)"]
[Date "2013.01.15"]
[Round "5.20"]
[White "RUIZ GUTIERREZ, Manuel"]
[Black "GUTIERREZ JIMENEZ, Juan Manuel"]
[Result "0-1"]
[WhiteElo "2158"]
[BlackElo "2296"]
[Annotator "Montecatine,R"]
[PlyCount "56"]
[EventDate "2013.01.11"]

1. d4 d6 2. Nf3 Nf6 3. c4 g6 4. Nc3 Bg7 5. g3 O-O 6. Bg2 c6 7. O-O Qa5 8. Bg5
h6 9. Bd2 Qh5 10. Rc1 e5 11. dxe5 dxe5 12. Qc2 Na6 13. Ne4 Bf5 14. Nh4 (14.
Nxf6+ Bxf6 15. e4 Bg4 16. Qb3 $11) 14... Bg4 (14... Bxe4 15. Bxe4 Nxe4 16. Qxe4
f5 17. Qf3 Qxf3 18. Nxf3 e4 19. Nh4 Kh7 $15) 15. Bf3 Bxf3 16. exf3 (16. Nxf6+
Bxf6 17. Nxf3 $11) 16... Rad8 17. Be3 Nh7 $6 18. Qe2 (18. Qb3) 18... f5 19. Nd2
(19. Nc3) 19... Rfe8 (19... Ng5 $15) 20. Ng2 $6 (20. Bxa7) 20... Ng5 $17 {
Diagrama #} 21. h4 $2 (21. Bxg5 hxg5 22. Rcd1 e4 $17) 21... Rxd2 22. Bxd2 Nxf3+
23. Kh1 Qg4 24. Nf4 exf4 25. Qxe8+ Kh7 26. Kg2 Nxh4+ 27. Kh2 Nf3+ 28. Kg2 Nxd2
$19 (28... Ne1+ 29. Rcxe1 f3+ 30. Kh2 Qh5+ 31. Kg1 Qh3 $19) 0-1

[Event "XXXVIII Abierto Internacional "]
[Site "Sevilla (SPAIN)"]
[Date "2013.01.15"]
[Round "5.1"]
[White "HASLINGER, Stewart G"]
[Black "KJARTANSSON, Gudmundur"]
[Result "1-0"]
[WhiteElo "2535"]
[BlackElo "2408"]
[Annotator "Montecatine,R"]
[PlyCount "113"]
[EventDate "2013.01.11"]

1. e4 d5 2. exd5 Qxd5 3. Nc3 Qd6 4. d4 Nf6 5. Nf3 a6 6. g3 Bg4 7. h3 Bh5 8. Bg2
Nc6 9. O-O e6 10. Bf4 Qb4 11. a3 Qb6 (11... Qxb2 12. Qd2 Bxf3 13. Bxf3 Qb6 14.
Ne2 $14) 12. Na4 (12. g4 Bg6 13. Na4 $14) 12... Qb5 13. b3 O-O-O 14. g4 Nxg4 (
14... Bg6 15. c4) 15. hxg4 Bxg4 $14 16. Re1 (16. c3) 16... Qf5 17. Bg3 h5 18.
Qd3 (18. Re3 g5 19. Qd3 $11) 18... Qxd3 19. cxd3 Bxf3 20. Bxf3 Nxd4 $15 21. Be4
Bd6 22. Rac1 f5 23. Bxd6 Rxd6 24. Bh1 g5 25. Nc5 c6 $15 26. Rc4 Re8 27. Re5 Re7
28. b4 Kb8 29. a4 h4 30. Kh2 Ka7 31. a5 g4 32. Kg1 Rh7 33. Kf1 $6 (33. Rc1)
33... Rh6 (33... h3) 34. Bg2 Rg6 35. Bh1 Rd8 36. Bd5 Rxd5 37. Rxd5 cxd5 38.
Rxd4 h3 $17 39. Kg1 Kb8 40. Nd7+ Kc7 41. Ne5 {Diagrama #} Kd6 $4 (41... Rg7 $19
) 42. Nxg6 e5 43. Ne7 exd4 44. Nxf5+ Ke5 45. Ng3 Kd6 46. Ne2 b6 47. axb6 Kc6
48. Nxd4+ Kxb6 49. Kh2 Kc7 50. f3 gxf3 51. Nxf3 Kc6 52. Nd4+ Kd6 53. Kxh3 Ke5
54. Ne2 Kf5 55. Kg3 Kg5 56. Kf3 Kf5 57. Ke3 1-0

[Event "XXXVIII Abierto Internacional "]
[Site "Sevilla (SPAIN)"]
[Date "2013.01.15"]
[Round "5.2"]
[White "BELEZKY, Alexander"]
[Black "BRUNO, Fabio"]
[Result "1/2-1/2"]
[WhiteElo "2427"]
[BlackElo "2434"]
[Annotator "de,Universidad"]
[PlyCount "68"]
[EventDate "2013.01.11"]

1. Nf3 d5 2. g3 Nf6 3. Bg2 e6 4. b3 c5 5. e3 Nc6 6. Bb2 Be7 7. O-O b5 8. a4 b4
9. d3 O-O 10. Nbd2 Bb7 11. Re1 Rc8 12. e4 dxe4 13. dxe4 Qc7 14. e5 Nd5 15. Nc4
Rfd8 16. Qe2 Ba6 17. Qe4 Nd4 18. Nxd4 cxd4 19. Nd6 Bxd6 20. exd6 Qxd6 21. Qxd4
Nc3 22. Bxc3 Qxd4 23. Bxd4 Rxd4 24. Rad1 Rcd8 25. Rxd4 Rxd4 26. Bf1 Bb7 27. Bd3
Bd5 28. Re3 g5 29. Kf1 h6 30. Ke1 a5 31. Be2 Kf8 32. c3 bxc3 33. Rxc3 Rb4 34.
Bb5 (34. Bd1) 34... Rxb3 {Diagrama # ilegible} 1/2-1/2

[Event "XXXVIII Abierto Internacional "]
[Site "Sevilla (SPAIN)"]
[Date "2013.01.15"]
[Round "5.6"]
[White "ESTREMERA PANOS, Sergio"]
[Black "KHAMRAKULOV, Ibragim S"]
[Result "1-0"]
[WhiteElo "2367"]
[BlackElo "2509"]
[Annotator "de,Universidad"]
[PlyCount "91"]
[EventDate "2013.01.11"]

1. d4 Nf6 2. c4 e6 3. Nc3 Bb4 4. e3 c5 5. Bd3 d5 6. Nf3 dxc4 7. Bxc4 cxd4 8.
exd4 O-O 9. O-O Nbd7 10. Qe2 Nb6 11. Bb3 Bd7 12. Bg5 Bc6 13. Rad1 Nbd5 14. Rd3
h6 15. Bc1 Nh5 16. Bxd5 Bxd5 17. Ne5 Nf6 18. Rg3 Kh8 19. Rh3 Nh7 $6 (19... Rc8
$11) 20. Qh5 $16 Bxc3 21. bxc3 {Diagrama #} Nf6 $2 (21... Qc7) 22. Qxf7 Be4 (
22... Rxf7 23. Nxf7+ Kg8 24. Nxd8 Rxd8 25. Bf4 $18) 23. Rg3 (23. Bxh6 Rxf7 24.
Nxf7+ Kg8 25. Nxd8 Rxd8 26. Bg5 $18) 23... Rg8 24. Qxe6 Qe8 25. Qxe8 Rgxe8 26.
c4 Kh7 27. Re3 b6 28. Rfe1 Bb7 29. Nd7 Rxe3 30. Nxf6+ gxf6 31. Rxe3 Ba6 32.
Re7+ Kg6 33. Rc7 Rc8 34. Rxc8 Bxc8 35. f3 Be6 36. d5 Bf5 37. Be3 Bd3 38. c5
bxc5 39. Bxc5 a6 40. Kf2 Kf7 41. a3 h5 42. Ke3 Bf1 43. g4 h4 44. f4 Bh3 45. g5
Kg6 46. Be7 1-0

[Event "XXXVIII Abierto Internacional "]
[Site "Sevilla (SPAIN)"]
[Date "2013.01.15"]
[Round "5.8"]
[White "FERNANDEZ ROMERO, Ernesto"]
[Black "DUCARMON, Quinten"]
[Result "1/2-1/2"]
[WhiteElo "2480"]
[BlackElo "2405"]
[Annotator "Montecatine,R"]
[PlyCount "96"]
[EventDate "2013.01.11"]

1. e4 c6 2. d4 d5 3. Nc3 dxe4 4. Nxe4 Bf5 5. Ng3 Bg6 6. h4 h6 7. Nf3 Nd7 8. h5
Bh7 9. Bd3 Bxd3 10. Qxd3 e6 11. Bf4 Qa5+ 12. Bd2 Bb4 13. c3 Be7 14. c4 Qc7 15.
O-O-O Ngf6 16. Rhe1 O-O 17. Kb1 a5 18. Ne5 Bb4 19. f4 Rad8 20. Bxb4 axb4 21.
Qb3 Qa5 22. f5 Rfe8 (22... Nxe5 23. Rxe5 Qc7 24. fxe6 Rxd4 25. Rxd4 Qxe5 26.
exf7+ Rxf7 27. Rd8+ Ne8 28. Qxb4 Rf2 $11) 23. Nxd7 Rxd7 24. fxe6 fxe6 25. c5
$14 Rd5 26. Ne4 Nxe4 27. Rxe4 Kh8 28. Rde1 e5 $6 (28... Qb5) 29. dxe5 Qxc5 {
Diagrama #} 30. e6 $6 (30. Qxb4 Qxb4 31. Rxb4 $16) 30... Re7 (30... Qd6 $11)
31. g4 (31. Qxb4 Rxh5 32. Qxc5 Rxc5 33. Rd4 Kh7 34. Rd7 Rxd7 35. exd7 Rd5 36.
Re7 b5 37. Kc2 Kg6 38. Re6+ Kf5 39. Rxc6 Rxd7 $11) 31... Qd6 32. Rf1 Rxe6 33.
Rxe6 Qxe6 34. Qxb4 Qe2 35. Rc1 Rb5 36. Qd4 Rg5 37. Rg1 Rd5 38. Qa4 Rb5 39. Qc2
Qxc2+ 40. Kxc2 Rg5 41. Kd3 g6 42. hxg6 Kg7 43. a4 Kxg6 44. b4 Kf6 45. Rf1+ Ke6
46. Rf4 h5 47. gxh5 Rxh5 48. Kc4 b5+ 1/2-1/2

[Event "XXXVIII Abierto Internacional "]
[Site "Sevilla (SPAIN)"]
[Date "2013.01.15"]
[Round "5.12"]
[White "MELLADO TRIVINO, Juan"]
[Black "LASINSKAS, Povilas"]
[Result "0-1"]
[WhiteElo "2436"]
[BlackElo "2183"]
[Annotator "Montecatine,R"]
[PlyCount "82"]
[EventDate "2013.01.11"]

1. e4 e5 2. Nf3 Nc6 3. d4 exd4 4. Nxd4 Bc5 5. Be3 Qf6 6. Nb5 Bxe3 7. fxe3 Qh4+
8. g3 Qd8 9. Qg4 Kf8 10. Qf4 d6 11. N1c3 a6 12. Nd4 Ne5 13. O-O-O Nf6 14. h3 (
14. Be2 Ng6 15. Qf2 b5 16. Rhf1 Bh3 17. g4 Bxf1 18. Rxf1 c5 19. Nc6 Qe8 20. g5
Nd7 21. Nd5 Nde5 22. Nxe5 Nxe5 23. Nc7 Qc8 24. Nxa8 Qxa8 25. Qf5 Ke7 26. h4 Qc8
27. Qf4 h6 28. h5 Qe6 29. Kb1 f6 30. gxf6+ Qxf6 31. Qg3 Qg5 32. Qf2 g6 33. hxg6
Qxg6 34. a4 c4 35. Rg1 Qf6 36. Qe1 bxa4 37. Qa5 Nd7 38. Bxc4 Rb8 39. b3 axb3
40. Bxb3 Rb6 41. Qd5 Rb5 42. e5 Nxe5 43. Qg8 d5 44. Qc8 Nd7 45. Rg8 {
1/2-1/2 Bontempi,P-Naumkin,I/Montecatini Terme 2004}) 14... Qe7 15. Bg2 Bd7 16.
g4 h6 17. Rhf1 Rb8 18. Rf2 b5 19. Rdf1 (19. Nd5 Nxd5 20. exd5 h5 $11) 19... b4
20. Nd5 Nxd5 21. exd5 Bb5 22. Rd1 Ng6 23. Qe4 Ne5 24. Bf1 Bd7 25. Bxa6 Ra8 26.
Bb5 Rxa2 27. Nf5 Bxf5 28. Qxf5 $6 (28. gxf5 Ra1+ 29. Kd2 Rxd1+ 30. Kxd1 $11)
28... g6 $15 29. Qf4 Kg7 30. Bf1 (30. b3) 30... Rb8 $17 31. Rd4 b3 32. cxb3
Rxb3 33. Kb1 Ra7 34. Rb4 Rxb4 35. Qxb4 Qd8 {Diagrama #} 36. Kc2 $2 (36. Qd4 $17
) 36... Qa8 $19 37. Qd4 Ra4 38. Qc3 Qxd5 39. Rd2 Qe4+ 40. Kb3 Ra1 41. Bb5 Qb7
0-1

[Event "XXXVIII Abierto Internacional "]
[Site "Sevilla (SPAIN)"]
[Date "2013.01.15"]
[Round "5.13"]
[White "MEDINA CARRASCO, Santiago"]
[Black "BARUA, Dibyendu"]
[Result "0-1"]
[WhiteElo "2166"]
[BlackElo "2413"]
[Annotator "Montecatine,R"]
[PlyCount "78"]
[EventDate "2013.01.11"]

1. d4 Nf6 2. Nf3 b6 3. g3 Bb7 4. Bg2 c5 5. O-O cxd4 6. Nxd4 Bxg2 7. Kxg2 g6 8.
c4 Bg7 9. b3 d5 10. Bb2 (10. Nd2) 10... dxc4 11. bxc4 O-O 12. Na3 (12. Nc3)
12... Qc8 $15 13. e3 Nbd7 14. Qe2 Qb7+ 15. Qf3 (15. f3) 15... Ne4 $17 16. Kg1
Ne5 17. Qg2 Rac8 {Diagrama #} 18. Rfc1 $6 (18. Ndb5 Nxc4 19. Bxg7 Kxg7 20. Nxc4
Rxc4 21. f3 Ng5 22. h4 Ne6 23. Rac1 Rxc1 24. Rxc1 Rd8 $17) 18... Nd3 $19 19.
Rc2 Rfd8 20. Bc3 Rd7 21. Ndb5 Nxc3 (21... Bxc3 22. Nxc3 Ndxf2 23. Rf1 Ng4 $19)
22. Qxb7 Rxb7 23. Nxc3 Nb4 24. Rcc1 a5 25. Kf1 Rd7 26. Ke2 Nd3 27. Rc2 Nb4 28.
Rcc1 Rd3 29. Nd5 Rd8 30. Nb5 Bxa1 31. Rxa1 e6 32. Nxb6 Rd2+ 33. Kf3 Nd3 34. a4
Rxf2+ 35. Kg4 Ne5+ 36. Kh3 Rdd2 37. Rh1 h5 38. Nd4 g5 39. g4 hxg4+ 0-1

[Event "XXXVIII Abierto Internacional "]
[Site "Sevilla (SPAIN)"]
[Date "2013.01.15"]
[Round "5.15"]
[White "TERAN ALVAREZ, Ismael"]
[Black "MCMAHON, Daire"]
[Result "1/2-1/2"]
[WhiteElo "2399"]
[BlackElo "2147"]
[Annotator "de,Universidad"]
[PlyCount "97"]
[EventDate "2013.01.11"]

1. e4 e5 2. Nf3 Nc6 3. Bb5 Nf6 4. d3 Bc5 5. c3 d6 6. O-O O-O 7. Bg5 Bb6 8. Nbd2
Bd7 9. Nc4 h6 10. Bh4 Ne7 11. Bxd7 Nxd7 12. d4 f6 13. a4 a5 14. b4 Kh7 15. Qb3
axb4 16. Nxb6 Nxb6 17. a5 Nd7 18. cxb4 $14 Ng6 19. Rfd1 (19. Bg3) 19... Qe7 20.
dxe5 Ndxe5 21. Bg3 Nxf3+ 22. Qxf3 Rfe8 23. Rd4 Ne5 24. Qc3 c5 25. bxc5 dxc5 26.
Rd5 Rac8 27. Rad1 $16 Nc6 28. f3 Nd4 29. Qc4 Rc6 30. Bf2 b5 (30... Qc7) 31.
axb6 Rxb6 32. Rxc5 Ne6 33. Rcd5 Rb2 34. Bg3 Qb4 35. Qd3 Qb3 36. Qxb3 Rxb3 37.
Rd7 Nc5 38. R7d5 Ne6 39. h4 Kg8 40. Rd7 Nc5 41. Rc7 Rd3 42. Ra1 Ne6 43. Rb7 Nc5
44. Rc7 Ne6 45. Rb7 Red8 46. Rb2 R8d7 47. Ra6 Nc5 48. Rc6 Nb3 49. Rc8+ {
Diagrama # ilegible} 1/2-1/2

[Event "XXXVIII Abierto Internacional "]
[Site "Sevilla (SPAIN)"]
[Date "2013.01.15"]
[Round "5.16"]
[White "FERNANDEZ RODRIGUEZ, Jose A"]
[Black "KOMLJENOVIC, Davorin"]
[Result "0-1"]
[WhiteElo "2164"]
[BlackElo "2393"]
[Annotator "Montecatine,R"]
[PlyCount "96"]
[EventDate "2013.01.11"]

1. e4 c5 2. d4 cxd4 3. c3 dxc3 4. Nxc3 e6 5. Nf3 a6 6. Bc4 b5 7. Bb3 Bb7 8. O-O
d6 9. Re1 Nd7 10. Nd4 Nc5 11. Bc2 Nf6 12. b4 Ncd7 13. Bb3 Rc8 14. Bb2 Nb6 15.
a4 bxa4 16. Nxa4 Nc4 17. Qd3 (17. Bxc4 Rxc4 18. Qb3 Rc8 19. b5 $11) 17... d5 (
17... Nxb2 18. Nxb2 Be7) 18. e5 $6 (18. exd5 Bxd5 (18... Qxd5 19. Qh3 $14) 19.
Bc3 $11) 18... Nd7 (18... Ne4) 19. b5 (19. Bc3) 19... axb5 20. Nxb5 Nxb2 21.
Nxb2 Nc5 22. Qg3 Qb6 (22... Qd7 $17) 23. Nd4 $6 (23. Ba4 Nxa4 24. Nd6+ Bxd6 25.
Nxa4 Qd4 26. exd6 $11) 23... Nxb3 24. Nxb3 g6 $17 25. Rab1 Bb4 26. Red1 Rc3 $6
(26... Ba3) 27. Na4 Rxg3 28. Nxb6 Rc3 29. Nd4 Be7 $15 30. Na4 Rc7 31. Nb5 Rc4 {
Diagrama #} 32. Nd4 $6 (32. Nb6 Rc6 33. Nd4 $11) 32... Rxa4 33. Rxb7 Bd8 $17
34. g3 O-O 35. h4 Rc4 36. Rd3 Bc7 37. Nf3 Rb8 38. Rdb3 Rxb7 39. Rxb7 h6 40. Kg2
Ba5 41. h5 g5 42. Nh2 g4 43. f4 gxf3+ 44. Kxf3 Kg7 45. g4 Bd2 46. g5 Bxg5 47.
Ng4 Rc1 48. Rd7 Rh1 0-1

[Event "XXXVIII Abierto Internacional "]
[Site "Sevilla (SPAIN)"]
[Date "2013.01.15"]
[Round "5.18"]
[White "GOMEZ REBOLLO, Alfonso Carlos"]
[Black "ALVAREZ FERNANDEZ, Enrique"]
[Result "0-1"]
[WhiteElo "2162"]
[BlackElo "2350"]
[Annotator "Montecatine,R"]
[PlyCount "83"]
[EventDate "2013.01.11"]

1. e4 c5 2. Nf3 d6 3. d4 cxd4 4. Nxd4 Nf6 5. Nc3 a6 6. Bc4 e6 7. Bb3 Nbd7 8.
O-O Nc5 9. f4 Be7 10. Qf3 O-O 11. Be3 Qc7 12. f5 e5 13. Nde2 Nxb3 14. cxb3 b5
15. b4 Bb7 16. Rac1 Qd8 17. Rfd1 Rc8 18. b3 h6 19. Ng3 Kh7 20. h3 Re8 21. Kh2
Qd7 22. a3 Rf8 23. Kh1 Rc7 24. Nh5 Nxh5 25. Qxh5 Rxc3 $5 26. Rxc3 Bxe4 27. Rf1
Qb7 28. Rf2 (28. Qg4) 28... Bf6 $15 29. Qd1 d5 {Diagrama #} 30. Qc1 $2 (30. Bc5
) 30... d4 31. Rc7 Qd5 32. Bd2 Qxb3 $19 33. Kg1 Bh4 34. Re2 Qd3 35. Rxe4 Qxe4
36. Qf1 Bd8 37. Rc8 Qd5 38. Rc2 Bf6 39. g4 Qe4 40. Qc1 Qf3 41. Kh2 e4 42. g5
0-1

[Event "XXXVIII Abierto Internacional "]
[Site "Sevilla (SPAIN)"]
[Date "2013.01.16"]
[Round "6.3"]
[White "IBARRA JEREZ, Jose Carlos"]
[Black "ESTREMERA PANOS, Sergio"]
[Result "1/2-1/2"]
[WhiteElo "2538"]
[BlackElo "2367"]
[Annotator "Montecatine,R"]
[PlyCount "39"]
[EventDate "2013.01.11"]

1. e4 e5 2. Bc4 Nf6 3. d4 exd4 4. Nf3 Nc6 5. e5 d5 6. Bb5 Ne4 7. Nxd4 Bc5 8.
Be3 (8. Nxc6 Bxf2+ 9. Kf1 bxc6 10. Bxc6+ Kf8 11. Qd3 (11. Bxa8 $4 Ba6+ $19)
11... Bf5 12. Bxa8 Qxa8 $13) 8... Bxd4 9. Qxd4 O-O 10. Bxc6 bxc6 11. Nc3 Ng5
12. Qa4 Bd7 13. f4 c5 14. Qa3 d4 15. fxg5 dxe3 {Diagrama #} 16. Ne4 $6 (16.
O-O-O Re8 $13) 16... Bf5 $6 (16... e2 17. Nxc5 (17. Kxe2 Bc6) 17... Bc6 $17)
17. Qxe3 $11 Qd5 18. Nd2 Rae8 19. Nf3 Bg4 20. O-O (20. O-O Bxf3 21. Qxf3 Qd4+
22. Qf2 Qxb2 23. Qxc5 Rxe5 24. Qxc7 Qd4+ 25. Kh1 Qc5 26. Qxc5 Rxc5 $11) 1/2-1/2

[Event "XXXVIII Abierto Internacional "]
[Site "Sevilla (SPAIN)"]
[Date "2013.01.16"]
[Round "6.8"]
[White "GUTIERREZ JIMENEZ, Juan Manuel"]
[Black "FERNANDEZ ROMERO, Ernesto"]
[Result "1/2-1/2"]
[WhiteElo "2296"]
[BlackElo "2480"]
[Annotator "Montecatine,R"]
[PlyCount "53"]
[EventDate "2013.01.11"]

1. c4 b6 2. Nc3 Bb7 3. e4 e5 4. Nf3 Nc6 5. Be2 Bc5 6. O-O d6 7. a3 a5 8. d3
Nge7 9. Rb1 O-O 10. Nd5 Nxd5 11. cxd5 Nd4 12. b4 axb4 13. axb4 Nxf3+ (13... Ra2
14. bxc5 Nxe2+ 15. Kh1 Nxc1 16. Qxc1 dxc5 17. Nxe5 $11) 14. Bxf3 Bd4 15. Bb2
Bxb2 16. Rxb2 c6 17. dxc6 Bxc6 18. d4 Bb5 19. Re1 Ra3 20. Rd2 Qg5 21. dxe5 dxe5
22. Rd6 Ba4 23. Qc1 Qxc1 24. Rxc1 b5 25. h4 Rb3 26. Rc5 Rxb4 27. Rxe5 {
Diagrama #} 1/2-1/2

[Event "XXXVIII Abierto Internacional "]
[Site "Sevilla (SPAIN)"]
[Date "2013.01.16"]
[Round "6.9"]
[White "GONZALEZ PEREZ, Arian"]
[Black "GARCIA JIMENEZ, Francisco Javi"]
[Result "1-0"]
[WhiteElo "2473"]
[BlackElo "2278"]
[Annotator "Montecatine,R"]
[PlyCount "49"]
[EventDate "2013.01.11"]

1. e4 e5 2. Nf3 Nf6 3. d4 Nxe4 4. Bd3 d5 5. Nxe5 Be7 6. O-O Nc6 7. Bb5 Bd7 8.
Nxd7 Qxd7 9. c3 a6 10. Ba4 O-O 11. Nd2 f5 12. Nf3 b5 13. Bb3 Bf6 14. Ne1 (14.
Ne5 Bxe5 15. dxe5 Rfd8 16. f3 Nc5 17. Bg5 Nxb3 18. axb3 Rf8 19. f4 $14) 14...
Na5 15. Nd3 {Diagrama #} Nb7 $2 (15... Nc4 $11) 16. f3 $16 Ng5 17. Re1 (17. Ne5
) 17... Rfe8 (17... Ne6 $14) 18. Ne5 Qd6 19. Qd3 g6 $6 (19... Nf7 20. Bf4 Qe6
21. Ng4 Qd7 22. Nxf6+ gxf6 $16) 20. Bf4 $18 Ne6 21. Nxg6 Qd8 22. Rxe6 Rxe6 23.
Qxf5 Re2 24. Bxd5+ Kg7 25. Qh5 1-0

[Event "XXXVIII Abierto Internacional "]
[Site "Sevilla (SPAIN)"]
[Date "2013.01.16"]
[Round "6.13"]
[White "KJARTANSSON, Gudmundur"]
[Black "URBINA PEREZ, Juan Antonio"]
[Result "1-0"]
[WhiteElo "2408"]
[BlackElo "2214"]
[Annotator "Montecatine,R"]
[PlyCount "33"]
[EventDate "2013.01.11"]

1. Nf3 d5 2. c4 c6 3. g3 Nf6 4. Bg2 Bg4 5. Ne5 Bf5 6. cxd5 cxd5 7. Qa4+ Nbd7 8.
Nc3 e6 9. g4 {Diagrama #} Bc2 $6 (9... Bg6) 10. Nxf7 $14 Kxf7 $6 (10... Bxa4
11. Nxd8 Rxd8 12. Nxa4 $14) 11. Qxc2 $16 Rc8 12. g5 Nh5 13. d4 Bd6 14. Bf3 Nf4
$6 (14... g6 15. Bxh5 gxh5 16. e4 $16) 15. Bxf4 Bxf4 16. Bxd5 Bxg5 $2 (16...
Qxg5 17. Bxb7 $18) 17. Qf5+ 1-0

[Event "XXXVIII Abierto Internacional "]
[Site "Sevilla (SPAIN)"]
[Date "2013.01.16"]
[Round "6.15"]
[White "DUCARMON, Quinten"]
[Black "DHAR-BARUA, Saheli"]
[Result "1/2-1/2"]
[WhiteElo "2405"]
[BlackElo "2091"]
[Annotator "Montecatine,R"]
[PlyCount "79"]
[EventDate "2013.01.11"]

1. d4 f5 2. Nc3 Nf6 3. Bg5 g6 4. Bxf6 exf6 5. e3 d5 6. Qf3 c6 7. Bd3 Be6 8.
Nge2 Bd6 9. h3 Na6 10. Nf4 Qd7 11. Nxe6 Qxe6 12. g4 (12. O-O-O $14) 12... Nb4
$11 13. gxf5 Nxd3+ 14. cxd3 Qxf5 15. Qxf5 gxf5 16. Ke2 Kf7 17. f4 Rhg8 18. Kf2
Rae8 19. a3 a6 20. Ne2 Ke7 21. Rag1 Rc8 22. Ng3 Ke6 23. Nh5 Kf7 24. Ng3 Ke6 25.
Kf3 Rcd8 26. Rg2 Bf8 27. Rhg1 Re8 28. Nh5 Rxg2 29. Rxg2 Kf7 30. Re2 Bd6 31. Ng3
Ke6 32. e4 fxe4+ 33. dxe4 Kf7 (33... Rg8 34. f5+ Kf7 35. e5 Be7 36. Re3 $14)
34. exd5 (34. e5 fxe5 35. dxe5 Be7 36. Nf5 $14) 34... Rxe2 35. Nxe2 cxd5 36. f5
$14 Bh2 {Diagrama #} 37. Nc3 (37. a4 Ke7 38. Kg4 $14) 37... Bg1 38. Nxd5 Bxd4
39. b3 Ke8 40. a4 1/2-1/2

[Event "XXXVIII Abierto Internacional "]
[Site "Sevilla (SPAIN)"]
[Date "2013.01.16"]
[Round "6.16"]
[White "KHAMRAKULOV, Ibragim S"]
[Black "COIMBRA, Margarida"]
[Result "1-0"]
[WhiteElo "2509"]
[BlackElo "2110"]
[Annotator "Montecatine,R"]
[PlyCount "45"]
[EventDate "2013.01.11"]

1. e4 e5 2. Nf3 Nc6 3. Bc4 Bc5 4. c3 Nf6 5. d3 d6 6. Bb3 Bb6 7. O-O Ne7 8. Be3
Ng6 9. Nbd2 O-O 10. d4 c6 11. Nc4 Nxe4 12. Nxb6 axb6 13. dxe5 d5 (13... dxe5
14. Qxd8 Rxd8 15. Bxb6 Re8 16. Rfe1 $14) (13... Bg4 $1 14. exd6 Nh4 15. d7 Bxf3
16. gxf3 Qf6 17. Kh1 Nxf3 18. Bc2 Qf5 19. Qd3 Qe5 20. Kg2 Nh4+ 21. Kh1 Nf3 $11)
14. c4 (14. Qd4) 14... dxc4 (14... Bg4 15. cxd5 Nxe5 16. dxc6 Qf6 17. Bd4 Bxf3
18. Bxe5 Qxe5 19. Qxf3 Nd2 20. Qd5 Qxd5 21. Bxd5 Nxf1 22. cxb7 Rad8 23. Rd1
Nxh2 24. Kxh2 Rd7 25. Rc1 Rxd5 26. Rc8 Rdd8 27. b8=Q Rxc8 28. Qxb6 $11) 15.
Qxd8 Rxd8 16. Bxc4 c5 (16... Nc5 17. Rfe1 Be6 $11) 17. h3 (17. Rad1 Bf5 18. a3
h6 19. Bd5 $14) 17... Bd7 (17... Be6 $11) 18. Rfd1 Nf8 (18... h6) 19. Bd3 $6 (
19. Rac1 $14) 19... Bc6 $6 (19... Ba4 20. b3 Bxb3 21. axb3 Rxa1 22. Rxa1 Rxd3
$17) 20. Bc2 Ne6 (20... Rxd1+ 21. Bxd1 Ng6 $11) 21. Rxd8+ Rxd8 22. Re1 $14 b5
$6 (22... f6 $14) 23. Bc1 {Diagrama # 1-0? Un abandono algo prematuro.
Margarida estaba inferior pero podía intentar} (23. Bc1 Nd4 24. Nxd4 (24. Bxe4
Bxe4 25. Bg5 (25. Rxe4 Nxf3+ 26. Kf1 Nd2+ 27. Bxd2 Rxd2 28. Re2 $11) 25...
Nxf3+ 26. gxf3 f6 27. exf6 Rd5 28. Bh4 Bg6 29. Re7 gxf6 30. Rxb7 $16) 24...
Rxd4 25. Be3 Rd7 26. f3 Nd2 27. Bxc5 Nc4 28. Bb3 $16) 1-0